The Battle for Sarawak's forests
| Format: | Book |
|---|---|
| Published: |
Penang :
World Rainforest Movement/Sahabat Alam Malaysia ,
1990
|
| Edition: | 2nd ed |
| Subjects: |
MARC
| LEADER | 00000cam a2200000 7i4500 | ||
|---|---|---|---|
| 001 | 0000002955 | ||
| 002 | 000003199 | ||
| 005 | 20081201.0 | ||
| 020 | |a 9679998711 | ||
| 090 | 0 | 0 | |a 363.7095954 |b BAT |
| 245 | 0 | 4 | |a The Battle for Sarawak's forests |
| 250 | |a 2nd ed | ||
| 260 | |a Penang : |b World Rainforest Movement/Sahabat Alam Malaysia , |c 1990 | ||
| 300 | |a 303p. : |b ill ; |c 27cm. | ||
| 650 | 0 | 0 | |a Forest conservation |x Sarawak |
| 650 | 0 | 0 | |a Indigenous peoples |z Sarawak (Malaysia) |
| 999 | |a 036507 |b BUKU |c MALAYSIANA |e PERPUSTAKAAN KOMUNITI PETALING JAYA | ||